Microsoft Macro Assembler 6.1 Programming / Len Dorfman, Marc J Neuberger (Registro nro. 11980)
[ vista simple ]
| 000 -LÍDER | |
|---|---|
| fixed length control field | 00516nam a2200169 4500 |
| 008 - ELEMENTOS DE LONGITUD FIJA -- INFORMACIÓN GENERAL | |
| fixed length control field | 0 1993 0 000 0USA |
| 020 ## - NÚMERO INTERNACIONAL NORMALIZADO PARA LIBROS | |
| ISBN | 0-8306-4060-6 |
| 050 ## - SIGNATURA TOPOGRAFICA DE LA BIBLIOTECA DEL CONGRESO (LC) | |
| Número de Clasificación | QA76.76 A87 |
| 082 ## - NUMERO DE CLASIFICACION DECIMAL DEWEY | |
| Número de Clasificación | 001.642 D445m |
| 100 ## - ASIENTO PRINCIPAL--NOMBRE PERSONAL | |
| Nombre personal | Dorfman, Len |
| 245 ## - TÍTULO | |
| Título | Microsoft Macro Assembler 6.1 Programming / Len Dorfman, Marc J Neuberger |
| 250 ## - MENCIÓN DE EDICIÓN | |
| Mención de edición | 5 |
| 260 ## - PUBLICACIÓN, DISTRIBUCIÓN, ETC. (PIE DE IMPRENTA) | |
| Lugar de publicación, distribución, etc. | United States of America : McGraw-Hill |
| 300 ## - DESCRIPCIÓN FÍSICA | |
| Extensión | iv, 259 p. / 22 cm. |
| 500 ## - NOTA GENERAL | |
| Nota general | Incluye epilogo, índice. |
| 650 ## - ASIENTO SECUNDARIO DE MATERIA - TERMINO TEMÁTICO | |
| Término temático o nombre geográfico como elemento de entrada | 1.MICROSOFT MACRO ASSEMBLER |
| No. biblioteca | No. biblioteca | Número de clasificación | Código de barras/Número de adquisición | Número de copia | Tipo de material |
|---|---|---|---|---|---|
| LUIS G. INCLAN | LUIS G. INCLAN | 001.642 D445m | 21025 | 1 | Libros |
| LUIS G. INCLAN | LUIS G. INCLAN | 001.642 D445m | 21026 | 2 | Libros |
| LUIS G. INCLAN | LUIS G. INCLAN | 001.642 D445m | 21027 | 3 | Libros |
